[Event "FRA-chT4 0405"]
[Site "Franconville"]
[Date "2005.04.03"]
[Round "7.5"]
[White "Mery, Rawad"]
[Black "Carpentier, Guillaume"]
[Result "1/2-1/2"]
[WhiteElo "1810"]
[BlackElo "1840"]
[PlyCount "68"]
[EventDate "2004.10.10"]
[EventType "team"]
[EventRounds "7"]
[EventCountry "FRA"]
[SourceTitle "EXT 2007"]
[Source "ChessBase"]
[SourceDate "2006.11.23"]
[SourceVersion "1"]
[SourceVersionDate "2006.11.23"]
[SourceQuality "1"]

1. e4 Nf6 2. e5 Nd5 3. d4 d6 4. c4 Nb6 5. Nf3 g6 6. Nc3 Bg7 7. exd6 cxd6 8. Bf4 0-0 9. Be2 Nc6 10. 0-0 Bg4 11. c5 dxc5 12. dxc5 Nd7 13. Be3 Qa5 14. Qb3 Nxc5 15. Bxc5 Qxc5 16. Rac1 Qb4 17. Qc2 Rac8 18. Rfe1 e6 19. a3 Qa5 20. h3 Bxf3 21. Bxf3 Nd4 22. Qe4 Nxf3+ 23. Qxf3 Rc6 24. Re2 Rfc8 25. Rec2 Bxc3 26. Rxc3 Rxc3 27. Rxc3 Rxc3 28. bxc3 b6 29. c4 Qe1+ 30. Kh2 Qe5+ 31. Kg1 a5 32. g3 Qd4 33. Qb3 e5 34. Kg2 h5 1/2-1/2